| 000 | 00651 a2200193 4500 | ||
|---|---|---|---|
| 999 |
_c6527 _d6527 |
||
| 020 | _a9780073250632 (spiral) | ||
| 020 | _a0073250635 (spiral) | ||
| 050 | 0 | 0 | _aQP 34.5 FOX 2009 |
| 100 | 1 | _aFox, Stuart Ira. | |
| 245 | 1 | 2 |
_aA laboratory guide to Human physiology : _bconcepts and clinical applications / _cStuart Ira Fox. |
| 250 | _a13th ed. | ||
| 264 |
_aNew York: _bMcGraw Hill, _c2009. |
||
| 300 |
_ax, 438 p. : _bill. (some col.) ; |
||
| 500 | _aIncludes an index. | ||
| 504 | _aIncludes bibliographical references. | ||
| 650 | 0 | _aHuman physiology | |
| 942 |
_2lcc _cBK _e13th. ed. _h34.5 _iFOX _kQP |
||